| 000 | 01673nam a22004094i 4500 | ||
|---|---|---|---|
| 999 |
_c64599 _d64599 |
||
| 001 | 2976755 | ||
| 003 | CO-MdFUSB | ||
| 005 | 20181003101139.0 | ||
| 008 | 920325s1992 tnub b 001 0 eng | ||
| 010 | _a 92013777 | ||
| 020 |
_a0805401229 : _c$24.95 |
||
| 040 |
_aDLC _dDLC _bspa _cCO-MdFUSB _erda |
||
| 041 | _aeng | ||
| 082 | 0 | 0 |
_a226.207 _223 _bB653 |
| 100 | 1 |
_aBlomberg, Craig L., _d1955- _eautor |
|
| 245 | 0 |
_aMatthew _c/ Craig L. Blomberg. |
|
| 264 | 1 |
_aNashville, Tennessee USA : _bBroadman Press, _c℗[1992] |
|
| 264 | 4 | _c©1992 | |
| 300 |
_a464 páginas ; _c24 cm. |
||
| 336 |
_2rdacontent _atexto _btxt |
||
| 337 |
_2rdamedia _asin mediación _bn |
||
| 338 |
_2rdacarrier _avolumen _bnc |
||
| 490 | 1 | _aThe New American Commentary | |
| 504 | _aIncluye índice temático (página 435) Incluye índice de personas (página 439) Incluye índice de escritura (página página 447) | ||
| 505 | _aIntroducción -- l. Introducción al ministerio de Jesús (1:1—4:16) -- ll. El desarrollo del ministerio de Jesús (4:17-16:20) -- lll. El climax del ministerio de Jesús (16:21-28:20) | ||
| 563 | _aTapa dura | ||
| 630 | 7 |
_aBiblia. _vMateo _xCrítica, interpretación, etc. |
|
| 700 |
_aDockery, David S. _eeditor |
||
| 830 |
_aThe New American Commentary _vVol. 22 |
||
| 856 | 4 | 2 | _uhttp://www.loc.gov/catdir/enhancements/fy1003/92013777-d.html |
| 856 | 4 | 2 | _uhttp://www.loc.gov/catdir/enhancements/fy1011/92013777-b.html |
| 906 |
_a7 _bcbc _corignew _d1 _eocip _f19 _gy-gencatlg |
||
| 942 | _cBK | ||